|
|
|
|
| LEADER |
01251nam a2200253 a 4500 |
| 001 |
GR-Patra23119 |
| 003 |
GR-PaULI |
| 005 |
20230406123025.0 |
| 008 |
071009s2007 ne g 000 0 eng d |
| 952 |
|
|
|0 0
|1 0
|2 ddc
|4 0
|6 006_690000000000000_STE
|7 1
|9 303150
|a LISK
|b LISK
|c BSC
|d 2021-01-17
|e 24
|f 0
|g 0.00
|l 0
|o 006.69 STE
|p 92410033019
|r 2021-01-17 00:00:00
|t 1
|w 2021-01-17
|y BKN
|x 20071009 0 0
|x GrPaTEI
|
| 952 |
|
|
|0 0
|1 0
|2 ddc
|4 0
|6 006_690000000000000_STE
|7 0
|9 303151
|a LISP
|b LISP
|c ALFg
|d 2021-01-17
|e 24
|f
|g 0.00
|i 37407
|l 0
|o 006.69 STE
|p 025000299387
|r 2021-01-17 00:00:00
|t 2
|v 2021.00
|w 2021-01-17
|y BK15
|e 24
|e
|x
|x GrPaTEI
|
| 999 |
|
|
|c 176042
|d 176042
|
| 020 |
|
|
|a 0240808932
|
| 040 |
|
|
|a GrPaTEI
|b gre
|c GR-PaULI
|e AACR2
|
| 082 |
0 |
4 |
|a 006.69
|2 23
|
| 100 |
1 |
|
|a Steen, Joep van der
|9 197197
|e συγγραφέας.
|
| 245 |
1 |
0 |
|a Rendering with mental ray & 3ds max /
|c Joep van der Steen.
|
| 260 |
|
|
|a Amsterdam :
|b Elsevier,
|c c2007.
|
| 300 |
|
|
|a ix, 245 σ. :
|b εικ. ;
|c 24 εκ. +
|e 1 οπτικό δίσκο Η/Υ (4 3/4 in.)
|
| 500 |
|
|
|a Περιλαμβάνει ευρετήριο.
|
| 650 |
|
4 |
|a Mental ray (Αρχείο υπολογιστή)
|9 197198
|
| 650 |
|
4 |
|a Τρισδιάστατη απεικόνιση
|9 76337
|
| 942 |
|
|
|2 ddc
|c BK
|
| 998 |
|
|
|c ΜΠΟΥΡΑΣ
|d 2023-04
|